| 000 | 02040nam a2200445 i 4500 | ||
|---|---|---|---|
| 001 | ebr10825894 | ||
| 003 | CaPaEBR | ||
| 006 | m o d | ||
| 007 | cr cn||||||||| | ||
| 008 | 140114s2013 enka ob 001 0 eng d | ||
| 020 | _z9781783202973 | ||
| 020 | _a9781783202164 (e-book) | ||
| 020 | _a9781783202171 (ePub) | ||
| 040 |
_aCaPaEBR _beng _erda _epn _cCaPaEBR |
||
| 035 | _a(OCoLC)899046077 | ||
| 043 | _ae-uk--- | ||
| 050 | 1 | 4 |
_aPN2581 _b.R484 2013eb |
| 082 | 0 | 4 |
_a792.0942 _223 |
| 245 | 0 | 0 |
_aReverberations across small-scale British theatre : _bpolitics, aesthetics and forms / _cedited by Patrick Duggan and Victor Ukaegbu ; Holly Rose, cover designer ; Geoffrey Fielding, cover image ; Jessica Mitchell and Tim Elameer, production managers. |
| 264 | 1 |
_aBristol, England ; _aChicago, Illinois : _bIntellect, _c2013. |
|
| 264 | 4 | _c�2013 | |
| 300 |
_a1 online resource (262 pages) : _billustrations |
||
| 336 |
_atext _2rdacontent |
||
| 337 |
_acomputer _2rdamedia |
||
| 338 |
_aonline resource _2rdacarrier |
||
| 504 | _aIncludes bibliographical references at the end of each chapters and index. | ||
| 588 | _aDescription based on online resource; title from PDF title page (ebrary, viewed January 14, 2014). | ||
| 590 | _aElectronic reproduction. Palo Alto, Calif. : ebrary, 2014. Available via World Wide Web. Access may be limited to ebrary affiliated libraries. | ||
| 650 | 0 |
_aTheater _zGreat Britain _xHistory. |
|
| 655 | 0 | _aElectronic books. | |
| 700 | 1 | _aDuggan, Patrick. | |
| 700 | 1 | _aUkaegbu, Victor. | |
| 700 | 1 | _aRose, Holly. | |
| 700 | 1 | _aFielding, Geoffrey. | |
| 700 | 1 | _aMitchell, Jessica. | |
| 700 | 1 | _aElameer, Tim. | |
| 776 | 0 | 8 |
_iPrint version: _tReverberations across small-scale British theatre : politics, aesthetics and forms. _dBristol, England ; Chicago, Illinois : Intellect, c2013 _hxxiii, 236 pages _z9781783202973 |
| 797 | 2 | _aebrary. | |
| 856 | 4 | 0 |
_uhttp://site.ebrary.com/lib/rucke/Doc?id=10825894 _zAn electronic book accessible through the World Wide Web; click to view |
| 999 |
_c82852 _d82852 |
||